[Event "4. Festival da Figueira da Foz"]
[Site "Figueira da Foz POR"]
[Date "2007.10.30"]
[Round "3.8"]
[White "Vitor, Antonio"]
[Black "Vasques, Mesquita"]
[Result "1-0"]
[WhiteElo "2371"]
[BlackElo "1907"]
[PlyCount "75"]
[EventDate "2007.10.28"]
[EventType "swiss"]
[EventRounds "9"]
[EventCountry "POR"]
[Source "lmi"]
[SourceDate "2007.10.28"]

1. b3 c5 2. Bb2 Nc6 3. e3 Nf6 4. Nf3 e6 5. Rg1 b6 6. g4 h6 7. h4 d6 8. g5 hxg5
9. hxg5 Nd5 10. g6 f6 11. c4 Nde7 12. Bxf6 gxf6 13. g7 Bxg7 14. Rxg7 Nf5 15.
Rg1 Qe7 16. Nc3 Bb7 17. Bd3 O-O-O 18. Bxf5 exf5 19. Nd5 Qe6 20. d4 cxd4 21.
Nxd4 Nxd4 22. Qxd4 Qe5 23. Rd1 Bxd5 24. Qxd5 Qxd5 25. Rxd5 f4 26. exf4 Rde8+
27. Kf1 Re4 28. Rxd6 Rxf4 29. Rg7 Rh2 30. Rd2 Rh1+ 31. Kg2 Rh5 32. Rxa7 Rg5+
33. Kf1 Rh4 34. Re7 Rh1+ 35. Ke2 Re5+ 36. Rxe5 fxe5 37. Kf3 Rh4 38. Re2 1-0

[Event "4. Festival da Figueira da Foz"]
[Site "Figueira da Foz POR"]
[Date "2007.10.30"]
[Round "3.9"]
[White "Pinto, Pedro"]
[Black "Galego, Luis"]
[Result "0-1"]
[WhiteElo "1954"]
[BlackElo "2530"]
[PlyCount "46"]
[EventDate "2007.10.28"]
[EventType "swiss"]
[EventRounds "9"]
[EventCountry "POR"]
[Source "lmi"]
[SourceDate "2007.10.28"]

1. d4 Nf6 2. c4 e6 3. Nc3 Bb4 4. e3 O-O 5. Nf3 c5 6. Bd3 b6 7. O-O Bb7 8. Qe2
d5 9. Rd1 cxd4 10. exd4 dxc4 11. Bxc4 Bxc3 12. bxc3 Qc7 13. Bd3 Qxc3 14. Bb2
Qa5 15. d5 Bxd5 16. Ng5 Nbd7 17. Nxh7 Rfd8 18. Nxf6+ Nxf6 19. Qe5 Qb4 20. Bd4
Bb7 21. Bg6 Rd5 22. Bxf7+ Kxf7 23. Qc7+ Rd7 0-1

[Event "4. Festival da Figueira da Foz"]
[Site "Figueira da Foz POR"]
[Date "2007.10.30"]
[Round "3.10"]
[White "Velicka, Petr"]
[Black "Neves, Pedro"]
[Result "1/2-1/2"]
[WhiteElo "2519"]
[BlackElo "1915"]
[PlyCount "113"]
[EventDate "2007.10.28"]
[EventType "swiss"]
[EventRounds "9"]
[EventCountry "POR"]
[Source "lmi"]
[SourceDate "2007.10.28"]

1. e4 c5 2. Nf3 g6 3. c4 Bg7 4. d4 cxd4 5. Nxd4 Nc6 6. Be3 Nf6 7. Nc3 Nxd4 8.
Qxd4 d6 9. f3 Qa5 10. Rc1 O-O 11. Qd2 Be6 12. Be2 Rfc8 13. b3 Nd7 14. Nd5 Qxd2+
15. Kxd2 Bxd5 16. exd5 f5 17. a4 Be5 18. f4 Bb2 19. Rb1 Bg7 20. Rhe1 b6 21. Bd3
Rc7 22. Re2 Nc5 23. Bc2 Rac8 24. Bf2 Kf7 25. h3 Bh6 26. g3 Nd7 27. Rbe1 Nf6 28.
Bd3 Bg7 29. Ke3 h5 30. Kf3 Rh8 31. Ra2 Nd7 32. Rae2 Nc5 33. Bc2 Nb7 34. Rg1 Bf6
35. Be3 Rcc8 36. Reg2 Rh7 37. g4 hxg4+ 38. hxg4 Rh3+ 39. Ke2 e6 40. dxe6+ Kxe6
41. gxf5+ gxf5 42. Rg6 Nc5 43. R1g5 Ne4 44. Bxe4 fxe4 45. Rd5 Rh2+ 46. Kf1 Rch8
47. Rxf6+ Kxf6 48. Bd4+ Ke6 49. f5+ Kd7 50. Bxh8 Rxh8 51. b4 Rh3 52. a5 Rc3 53.
axb6 axb6 54. Rb5 Kc6 55. f6 Rf3+ 56. Ke2 Rxf6 57. Rh5 1/2-1/2

[Event "4. Festival da Figueira da Foz"]
[Site "Figueira da Foz POR"]
[Date "2007.10.30"]
[Round "3.11"]
[White "Tebar, Jeronimo"]
[Black "Frois, Antonio"]
[Result "0-1"]
[WhiteElo "1939"]
[BlackElo "2354"]
[PlyCount "68"]
[EventDate "2007.10.28"]
[EventType "swiss"]
[EventRounds "9"]
[EventCountry "POR"]
[Source "lmi"]
[SourceDate "2007.10.28"]

1. e4 c5 2. d4 cxd4 3. Qxd4 Nc6 4. Qe3 g6 5. Bd2 Bg7 6. Bc3 Nf6 7. Bc4 O-O 8.
Ne2 a6 9. O-O b5 10. Bd5 Bb7 11. Bxf6 Bxf6 12. e5 Bg7 13. c3 Qc7 14. f4 d6 15.
exd6 exd6 16. Nd2 Rae8 17. Qf3 Ne5 18. fxe5 Qc5+ 19. Qf2 Qxd5 20. Nf4 Qxe5 21.
Rae1 Qf5 22. Rxe8 Rxe8 23. Nd3 Qxf2+ 24. Kxf2 Bh6 25. Nf3 Be3+ 26. Ke2 f5 27.
Kd1 g5 28. Re1 Kf7 29. Re2 h6 30. Nde5+ dxe5 31. Rxe3 Kf6 32. Ne1 Rd8+ 33. Kc1
f4 34. Rh3 Kg6 0-1

[Event "4. Festival da Figueira da Foz"]
[Site "Figueira da Foz POR"]
[Date "2007.10.31"]
[Round "4.1"]
[White "Dimitrov, Vladimir"]
[Black "Spraggett, Kevin"]
[Result "1/2-1/2"]
[WhiteElo "2471"]
[BlackElo "2580"]
[PlyCount "47"]
[EventDate "2007.10.28"]
[EventType "swiss"]
[EventRounds "9"]
[EventCountry "POR"]
[Source "lmi"]
[SourceDate "2007.10.28"]

1. d4 Nf6 2. c4 g6 3. Nc3 Bg7 4. e4 d6 5. Nf3 O-O 6. Be2 c5 7. O-O Nc6 8. d5
Na5 9. Bg5 h6 10. Bd2 e5 11. b3 b6 12. Ne1 Nd7 13. Qc2 Nb7 14. g3 Qe7 15. Ng2
Nf6 16. Rae1 Bh3 17. Nd1 Rae8 18. f3 Kh7 19. Nf2 Bd7 20. Bd3 Qd8 21. Bc3 Nh5
22. Re2 Kg8 23. Qc1 f5 24. exf5 1/2-1/2

[Event "4. Festival da Figueira da Foz"]
[Site "Figueira da Foz POR"]
[Date "2007.10.31"]
[Round "4.3"]
[White "Romanishin, Oleg"]
[Black "Hoffmann, Michael"]
[Result "1/2-1/2"]
[WhiteElo "2547"]
[BlackElo "2471"]
[PlyCount "80"]
[EventDate "2007.10.28"]
[EventType "swiss"]
[EventRounds "9"]
[EventCountry "POR"]
[Source "lmi"]
[SourceDate "2007.10.28"]

1. d4 d5 2. Nf3 Nf6 3. c4 e6 4. g3 dxc4 5. Bg2 c6 6. O-O b5 7. a4 Bb7 8. b3
cxb3 9. Nbd2 Nbd7 10. Nxb3 a6 11. Bg5 Be7 12. Ne5 Nd5 13. Bxe7 Qxe7 14. Nxd7
Qxd7 15. Nc5 Qe7 16. e4 Nc3 17. Qf3 Nxa4 18. Nxa4 bxa4 19. Rfb1 O-O 20. e5 Rac8
21. Rxa4 Rc7 22. Ra5 Rd8 23. Qc3 g6 24. Rc5 Kg7 25. h4 h5 26. Rb4 Rcd7 27. Qd2
Ba8 28. Qc3 Rb7 29. Rxb7 Qxb7 30. Bxc6 Qb1+ 31. Kh2 Bxc6 32. Rxc6 Qe4 33. Rxe6
Rxd4 34. Rd6 Rc4 35. Qe3 Qxe3 36. fxe3 a5 37. e6 f5 38. Kg2 a4 39. Ra6 Re4 40.
Kf3 Kf6 1/2-1/2

[Event "4. Festival da Figueira da Foz"]
[Site "Figueira da Foz POR"]
[Date "2007.10.31"]
[Round "4.4"]
[White "Paunovic, Dragan"]
[Black "Vitor, Antonio"]
[Result "1-0"]
[WhiteElo "2535"]
[BlackElo "2371"]
[PlyCount "53"]
[EventDate "2007.10.28"]
[EventType "swiss"]
[EventRounds "9"]
[EventCountry "POR"]
[Source "lmi"]
[SourceDate "2007.10.28"]

1. c4 c5 2. g3 g6 3. Bg2 Bg7 4. Nc3 Nc6 5. e3 d6 6. Nge2 Nf6 7. O-O Bd7 8. d4
Qc8 9. b3 h5 10. h4 Bh3 11. Bb2 O-O 12. Qd2 Rd8 13. d5 Bxg2 14. Kxg2 Ne5 15.
Nf4 Rb8 16. Rae1 a6 17. a4 b6 18. e4 Bh6 19. f3 Qd7 20. Qe2 Re8 21. Nd3 Qc7 22.
f4 Nxd3 23. Qxd3 Ng4 24. Re2 Bg7 25. Rfe1 Bd4 26. Nd1 Bxb2 27. Rxb2 1-0

[Event "4. Festival da Figueira da Foz"]
[Site "Figueira da Foz POR"]
[Date "2007.10.31"]
[Round "4.5"]
[White "Galego, Luis"]
[Black "Blalock, Rex"]
[Result "1-0"]
[WhiteElo "2530"]
[BlackElo "2204"]
[PlyCount "179"]
[EventDate "2007.10.28"]
[EventType "swiss"]
[EventRounds "9"]
[EventCountry "POR"]
[Source "lmi"]
[SourceDate "2007.10.28"]

1. e4 c5 2. Nf3 d6 3. c3 Nf6 4. Be2 Nc6 5. d3 g6 6. O-O Bg7 7. d4 cxd4 8. cxd4
d5 9. e5 Ne4 10. Ne1 f6 11. f3 Ng5 12. Be3 O-O 13. Nc3 Ne6 14. f4 fxe5 15. fxe5
Rxf1+ 16. Bxf1 Bxe5 17. dxe5 d4 18. Bd2 dxc3 19. Bxc3 Ned4 20. Bc4+ Be6 21.
Bxe6+ Nxe6 22. Qa4 Qd5 23. Rd1 Qc5+ 24. Kh1 Rd8 25. Rxd8+ Nexd8 26. Qb3+ e6 27.
Nf3 Qd5 28. Kg1 Qxb3 29. axb3 a5 30. Kf2 b5 31. Ke3 b4 32. Bd4 Nf7 33. Kd3 g5
34. g4 Kf8 35. Kc4 Ke7 36. Kc5 Kd7 37. h3 h6 38. Kc4 Nxd4 39. Kxd4 Kc6 40. Nd2
Nd8 41. Nc4 Nb7 42. Nd2 Kb5 43. Ne4 Kc6 44. Kc4 Kb6 45. Nf6 Nd8 46. Kd4 Kb5 47.
Ne8 a4 48. Nd6+ Ka5 49. Kc5 axb3 50. Nc4+ Ka6 51. Kxb4 Nc6+ 52. Kc5 Kb7 53. Kd6
Nd4 54. Nd2 Ka6 55. Ne4 Kb6 56. Nd2 Kb5 57. Ke7 Kc5 58. Kf7 Kd5 59. Kf6 Nc6 60.
Nxb3 Nxe5 61. Kg7 Nf3 62. Kxh6 e5 63. Nc1 e4 64. Kg6 Ke5 65. b4 e3 66. b5 Kd4
67. Ne2+ Kc5 68. Kf5 Nd4+ 69. Nxd4 Kxd4 70. b6 e2 71. b7 e1=Q 72. b8=Q Qf1+ 73.
Kxg5 Qxh3 74. Qf4+ Kd5 75. Kg6 Ke6 76. Qf7+ Ke5 77. Qf6+ Kd5 78. g5 Qg3 79. Kg7
Qg4 80. g6 Qh3 81. Kg8 Qc8+ 82. Qf8 Qh3 83. Qe8 Kd6 84. Qd8+ Ke5 85. Qe7+ Kd5
86. g7 Qg4 87. Kf8 Qc8+ 88. Kf7 Qf5+ 89. Qf6 Qh5+ 90. Kf8 1-0

[Event "4. Festival da Figueira da Foz"]
[Site "Figueira da Foz POR"]
[Date "2007.10.31"]
[Round "4.6"]
[White "Dias, Paulo"]
[Black "Morais, Mario"]
[Result "1-0"]
[WhiteElo "2443"]
[BlackElo "2097"]
[PlyCount "62"]
[EventDate "2007.10.28"]
[EventType "swiss"]
[EventRounds "9"]
[EventCountry "POR"]
[Source "lmi"]
[SourceDate "2007.10.28"]

1. d4 d5 2. c4 dxc4 3. Nf3 Nf6 4. e3 e6 5. Bxc4 c5 6. O-O cxd4 7. exd4 Be7 8.
Nc3 O-O 9. Bg5 Nbd7 10. Re1 h6 11. Bh4 Nb6 12. Bb3 Re8 13. Ne5 Nbd7 14. Rc1 a6
15. Bg3 Nxe5 16. dxe5 Qxd1 17. Rexd1 Nh5 18. Ne4 b6 19. Nd6 Rd8 20. Rc7 Kf8 21.
f3 Nxg3 22. hxg3 Rb8 23. Kf2 Bxd6 24. Rxd6 Rxd6 25. exd6 Ke8 26. Re7+ Kf8 27.
Ra7 Ke8 28. Bc2 b5 29. Re7+ Kf8 30. Be4 f6 31. Rc7 Ke8 1-0

[Event "4. Festival da Figueira da Foz"]
[Site "Figueira da Foz POR"]
[Date "2007.10.31"]
[Round "4.8"]
[White "Frois, Antonio"]
[Black "Ribeiro, Jose"]
[Result "1-0"]
[WhiteElo "2354"]
[BlackElo "2160"]
[PlyCount "75"]
[EventDate "2007.10.28"]
[EventType "swiss"]
[EventRounds "9"]
[EventCountry "POR"]
[Source "lmi"]
[SourceDate "2007.10.28"]

1. Nf3 e6 2. c4 Nf6 3. g3 b6 4. Bg2 Bb7 5. O-O Be7 6. Nc3 O-O 7. d4 d5 8. cxd5
Nxd5 9. Qc2 Nxc3 10. bxc3 Nd7 11. Ng5 Bxg5 12. Bxb7 Rb8 13. Bc6 Bxc1 14. Raxc1
Nf6 15. Qa4 Qd6 16. Bg2 a5 17. e4 Qd7 18. Qc2 Rfd8 19. Rfd1 Qe8 20. e5 Nd5 21.
c4 Nb4 22. Qb2 c6 23. a3 Na6 24. d5 cxd5 25. cxd5 exd5 26. Bxd5 Nc5 27. f4 Qe7
28. Qc3 h6 29. f5 Qg5 30. Qf3 Re8 31. h4 Qe7 32. Re1 Qf8 33. Kg2 Kh8 34. f6 Nd7
35. Qf5 Rbd8 36. Rc7 g6 37. Qf4 Kh7 38. h5 1-0

[Event "4. Festival da Figueira da Foz"]
[Site "Figueira da Foz POR"]
[Date "2007.10.31"]
[Round "4.10"]
[White "Felizes, Paulo"]
[Black "Alho, Diogo"]
[Result "0-1"]
[WhiteElo "2072"]
[BlackElo "2244"]
[PlyCount "90"]
[EventDate "2007.10.28"]
[EventType "swiss"]
[EventRounds "9"]
[EventCountry "POR"]
[Source "lmi"]
[SourceDate "2007.10.28"]

1. d4 e6 2. Nf3 c5 3. Bg5 Qb6 4. Nc3 cxd4 5. Qxd4 Qa5 6. e4 Nc6 7. Qd2 Bb4 8.
Be2 h6 9. Bh4 Nf6 10. Bxf6 gxf6 11. O-O a6 12. Rfd1 Be7 13. Qf4 Ne5 14. Qg3
Nxf3+ 15. Bxf3 Qg5 16. Na4 Qxg3 17. hxg3 Bd8 18. c4 b6 19. Rd3 Rb8 20. Rad1 Bc7
21. Rc1 Bb7 22. Rcd1 Bc6 23. b3 Ke7 24. e5 Bxe5 25. Bxc6 dxc6 26. Rd7+ Kf8 27.
f4 b5 28. fxe5 bxa4 29. exf6 Kg8 30. bxa4 h5 31. Rc7 Rh6 32. Rf1 Rg6 33. Rxc6
Rxg3 34. Rf3 Rxf3 35. gxf3 Kh7 36. c5 Rb1+ 37. Kf2 Rc1 38. Ke3 Rc4 39. Rxa6
Rxc5 40. Rb6 Rc3+ 41. Kf4 Kg6 42. Rb5 Rc4+ 43. Kg3 Rxa4 44. f4 Ra3+ 45. Kh4
Rxa2 0-1

[Event "4. Festival da Figueira da Foz"]
[Site "Figueira da Foz POR"]
[Date "2007.10.31"]
[Round "4.11"]
[White "Pereira, Edgar"]
[Black "Velicka, Petr"]
[Result "0-1"]
[WhiteElo "2106"]
[BlackElo "2519"]
[PlyCount "48"]
[EventDate "2007.10.28"]
[EventType "swiss"]
[EventRounds "9"]
[EventCountry "POR"]
[Source "lmi"]
[SourceDate "2007.10.28"]

1. e4 c5 2. Nf3 e6 3. d4 cxd4 4. Nxd4 a6 5. Nc3 b5 6. Bd3 Qb6 7. Nb3 Qc7 8. O-O
d6 9. Qf3 Bb7 10. Qg3 Nd7 11. f4 Ngf6 12. Re1 e5 13. Bd2 Be7 14. Rac1 O-O 15.
a4 bxa4 16. Nxa4 Nh5 17. Qh3 Nxf4 18. Bxf4 exf4 19. e5 g6 20. e6 Ne5 21. Nd4
Bf6 22. exf7+ Rxf7 23. Ne6 Qa5 24. Nc3 f3 0-1

[Event "4. Festival da Figueira da Foz"]
[Site "Figueira da Foz POR"]
[Date "2007.11.01"]
[Round "5.3"]
[White "Romanishin, Oleg"]
[Black "Dimitrov, Vladimir"]
[Result "1/2-1/2"]
[WhiteElo "2547"]
[BlackElo "2471"]
[PlyCount "44"]
[EventDate "2007.10.28"]
[EventType "swiss"]
[EventRounds "9"]
[EventCountry "POR"]
[Source "lmi"]
[SourceDate "2007.10.28"]

1. d4 Nf6 2. Nf3 d5 3. c4 e6 4. g3 dxc4 5. Bg2 Bb4+ 6. Bd2 a5 7. Qc2 Bxd2+ 8.
Nbxd2 b5 9. Ne4 Nd5 10. O-O a4 11. b3 cxb3 12. axb3 a3 13. b4 O-O 14. Qb3 Ra4
15. Nc5 Rxb4 16. Qxa3 Nc6 17. e3 Qd6 18. Rfc1 Rc4 19. Rxc4 bxc4 20. Nd2 Nb6 21.
Nde4 Qd8 22. Nd2 Qd6 1/2-1/2

[Event "4. Festival da Figueira da Foz"]
[Site "Figueira da Foz POR"]
[Date "2007.11.01"]
[Round "5.5"]
[White "Hoffmann, Michael"]
[Black "Frois, Antonio"]
[Result "1/2-1/2"]
[WhiteElo "2471"]
[BlackElo "2354"]
[PlyCount "32"]
[EventDate "2007.10.28"]
[EventType "swiss"]
[EventRounds "9"]
[EventCountry "POR"]
[Source "lmi"]
[SourceDate "2007.10.28"]

1. e4 c5 2. Nf3 g6 3. d4 cxd4 4. Nxd4 Nc6 5. Nc3 Bg7 6. Be3 Nf6 7. Bc4 O-O 8.
Bb3 a5 9. f3 d6 10. Ndb5 Bd7 11. Qd2 Ne5 12. a4 Qc8 13. Qe2 Be6 14. Nd5 Bxd5
15. exd5 Re8 16. O-O Ned7 1/2-1/2

[Event "4. Festival da Figueira da Foz"]
[Site "Figueira da Foz POR"]
[Date "2007.11.01"]
[Round "5.8"]
[White "Vitor, Antonio"]
[Black "Pintor, Ariana"]
[Result "1-0"]
[WhiteElo "2371"]
[BlackElo "2137"]
[PlyCount "55"]
[EventDate "2007.10.28"]
[EventType "swiss"]
[EventRounds "9"]
[EventCountry "POR"]
[Source "lmi"]
[SourceDate "2007.10.28"]

1. e4 c6 2. d4 d5 3. e5 Bf5 4. Nf3 e6 5. Be2 c5 6. Be3 Qa5+ 7. c3 cxd4 8. Nxd4
Ne7 9. Qb3 Nd7 10. f4 Rb8 11. Nd2 Bg6 12. Qd1 a6 13. O-O h5 14. b4 Qd8 15. Qa4
Nf5 16. Nxf5 Bxf5 17. Qb3 Nb6 18. a4 a5 19. bxa5 Nd7 20. Qb5 g6 21. Nb3 Be7 22.
Rfc1 Kf8 23. c4 Nxe5 24. cxd5 Qd6 25. Bc5 Qxd5 26. Bxe7+ Kxe7 27. fxe5 Rhd8 28.
Qb4+ 1-0

[Event "4. Festival da Figueira da Foz"]
[Site "Figueira da Foz POR"]
[Date "2007.11.01"]
[Round "5.9"]
[White "Kociscak, Jiri"]
[Black "Morais, Vitor"]
[Result "1-0"]
[WhiteElo "2223"]
[BlackElo "2113"]
[PlyCount "65"]
[EventDate "2007.10.28"]
[EventType "swiss"]
[EventRounds "9"]
[EventCountry "POR"]
[Source "lmi"]
[SourceDate "2007.10.28"]

1. e4 c5 2. Nf3 Nc6 3. d4 cxd4 4. Nxd4 e5 5. Nb5 a6 6. Nd6+ Bxd6 7. Qxd6 Qf6 8.
Qd1 Qg6 9. Nc3 d5 10. Nxd5 Qxe4+ 11. Be3 Nd4 12. Nc7+ Ke7 13. Qd3 Nxc2+ 14. Kd2
Qxd3+ 15. Bxd3 Nxe3 16. Nxa8 Nd5 17. Rac1 Ngf6 18. Nc7 Nb4 19. a3 Nc6 20. Nxa6
Rd8 21. Nc5 Bf5 22. Ke3 Ng4+ 23. Kf3 Nd4+ 24. Kg3 Bxd3 25. Nxd3 f5 26. Rhe1 Kf6
27. f3 Ne3 28. Rxe3 f4+ 29. Nxf4 Nf5+ 30. Kf2 Nxe3 31. Nh5+ Kg6 32. Kxe3 Kxh5
33. Rc7 1-0

[Event "4. Festival da Figueira da Foz"]
[Site "Figueira da Foz POR"]
[Date "2007.11.01"]
[Round "5.10"]
[White "Blalock, Rex"]
[Black "Vasques, Antonio"]
[Result "1-0"]
[WhiteElo "2204"]
[BlackElo "1839"]
[PlyCount "71"]
[EventDate "2007.10.28"]
[EventType "swiss"]
[EventRounds "9"]
[EventCountry "POR"]
[Source "lmi"]
[SourceDate "2007.10.28"]

1. d4 Nf6 2. c4 c5 3. d5 e6 4. Nc3 d6 5. e4 Be7 6. Be2 Na6 7. Nf3 O-O 8. O-O
Nc7 9. a4 exd5 10. cxd5 a6 11. Nd2 Re8 12. f3 b6 13. Nc4 Rb8 14. e5 dxe5 15. d6
b5 16. dxc7 Qxc7 17. axb5 axb5 18. Ne3 Rd8 19. Ned5 Nxd5 20. Nxd5 Qb7 21. Nxe7+
Qxe7 22. Qc2 c4 23. Be3 Rd7 24. Rfd1 Rc7 25. Qd2 Bf5 26. Qd5 Rd7 27. Qc5 Qxc5
28. Bxc5 Rxd1+ 29. Rxd1 f6 30. Bb4 Ra8 31. Rd5 Ra1+ 32. Kf2 Ra2 33. Bc3 Bd3 34.
Bxd3 cxd3 35. Rxb5 Ra1 36. Rd5 1-0

[Event "4. Festival da Figueira da Foz"]
[Site "Figueira da Foz POR"]
[Date "2007.11.01"]
[Round "5.16"]
[White "Velicka, Petr"]
[Black "Martinez, Pablo"]
[Result "1-0"]
[WhiteElo "2519"]
[BlackElo "2295"]
[PlyCount "73"]
[EventDate "2007.10.28"]
[EventType "swiss"]
[EventRounds "9"]
[EventCountry "POR"]
[Source "lmi"]
[SourceDate "2007.10.28"]

1. e4 c6 2. d4 d5 3. Nc3 dxe4 4. Nxe4 Bf5 5. Ng3 Bg6 6. h4 h6 7. Nf3 Nd7 8. h5
Bh7 9. Bd3 Bxd3 10. Qxd3 e6 11. Bd2 Qc7 12. O-O-O Ngf6 13. Ne4 O-O-O 14. g3
Nxe4 15. Qxe4 Bd6 16. c4 Nf6 17. Qe2 c5 18. Bc3 cxd4 19. Nxd4 a6 20. Kb1 Rhe8
21. Nf3 Qc6 22. Ne5 Bxe5 23. Bxe5 Qe4+ 24. Qxe4 Nxe4 25. Bxg7 Nxf2 26. Rxd8+
Rxd8 27. Rf1 Ne4 28. Rxf7 Nxg3 29. Be5 Nf5 30. Rc7+ Kb8 31. Rc6+ Ka7 32. Rxe6
Rd1+ 33. Kc2 Rh1 34. Kd3 Rxh5 35. Bc7 Ng7 36. Bb6+ Kb8 37. Rd6 1-0

[Event "4. Festival da Figueira da Foz"]
[Site "Figueira da Foz POR"]
[Date "2007.11.01"]
[Round "6.1"]
[White "Rusev, Krasimir"]
[Black "Spraggett, Kevin"]
[Result "0-1"]
[WhiteElo "2479"]
[BlackElo "2580"]
[PlyCount "62"]
[EventDate "2007.10.28"]
[EventType "swiss"]
[EventRounds "9"]
[EventCountry "POR"]
[Source "lmi"]
[SourceDate "2007.10.28"]

1. d4 f5 2. Nf3 Nf6 3. Bg5 e6 4. Nbd2 Be7 5. e3 O-O 6. Bd3 d5 7. h3 c5 8. c4
cxd4 9. exd4 Nc6 10. O-O h6 11. Bf4 Ne4 12. Rc1 a6 13. a3 Bf6 14. Be5 Nxe5 15.
dxe5 Be7 16. Qe2 Qb6 17. b4 Ng3 18. Qd1 Nxf1 19. c5 Qc7 20. Nb3 Ne3 21. fxe3 a5
22. b5 b6 23. c6 Bxa3 24. Ra1 a4 25. Nbd4 Bc5 26. Ra2 a3 27. g3 g5 28. Kh2 Ra7
29. Bb1 h5 30. Nxg5 Qxe5 31. Qxh5 Rg7 0-1

[Event "4. Festival da Figueira da Foz"]
[Site "Figueira da Foz POR"]
[Date "2007.11.01"]
[Round "6.4"]
[White "Bellon, Juan Manuel"]
[Black "Romanishin, Oleg"]
[Result "1/2-1/2"]
[WhiteElo "2434"]
[BlackElo "2547"]
[PlyCount "29"]
[EventDate "2007.10.28"]
[EventType "swiss"]
[EventRounds "9"]
[EventCountry "POR"]
[Source "lmi"]
[SourceDate "2007.10.28"]

1. d4 Nf6 2. Nf3 e6 3. Bg5 h6 4. Bxf6 Qxf6 5. e4 g6 6. Nc3 Bg7 7. Qd2 Qe7 8. g4
d6 9. O-O-O Bd7 10. h4 a6 11. Qe3 b5 12. g5 hxg5 13. Nxg5 f6 14. Nh3 Rxh4 15.
f4 1/2-1/2

[Event "4. Festival da Figueira da Foz"]
[Site "Figueira da Foz POR"]
[Date "2007.11.01"]
[Round "6.5"]
[White "Galego, Luis"]
[Black "Frois, Antonio"]
[Result "0-1"]
[WhiteElo "2530"]
[BlackElo "2354"]
[PlyCount "23"]
[EventDate "2007.10.28"]
[EventType "swiss"]
[EventRounds "9"]
[EventCountry "POR"]
[Source "lmi"]
[SourceDate "2007.10.28"]

1. e4 c5 2. Nf3 g6 3. c3 Qa5 4. Bc4 Bg7 5. O-O Nh6 6. d4 O-O 7. Bg5 cxd4 8.
cxd4 e6 9. Nc3 d5 10. exd5 exd5 11. Nxd5 Nc6 12. b4 0-1

[Event "4. Festival da Figueira da Foz"]
[Site "Figueira da Foz POR"]
[Date "2007.11.01"]
[Round "6.6"]
[White "Kociscak, Jiri"]
[Black "Velicka, Petr"]
[Result "0-1"]
[WhiteElo "2223"]
[BlackElo "2519"]
[PlyCount "84"]
[EventDate "2007.10.28"]
[EventType "swiss"]
[EventRounds "9"]
[EventCountry "POR"]
[Source "lmi"]
[SourceDate "2007.10.28"]

1. e4 c6 2. d4 d5 3. e5 Bf5 4. Nf3 e6 5. Be2 Nd7 6. O-O Ne7 7. Nh4 Bg6 8. Nxg6
hxg6 9. Nd2 Nf5 10. Nf3 Be7 11. c3 a6 12. a4 c5 13. a5 cxd4 14. cxd4 Nb8 15.
Bd2 Nc6 16. Bc3 Qd7 17. Qd2 Rc8 18. b4 Na7 19. Qb2 Nb5 20. Bd2 Nh4 21. Rac1
Nxf3+ 22. Bxf3 O-O 23. Be2 Rxc1 24. Rxc1 Rc8 25. Rxc8+ Qxc8 26. Bd3 Qc6 27. h3
Bd8 28. f4 Bc7 29. Kf2 Bb8 30. Bxb5 axb5 31. Qc3 Qc4 32. Qxc4 dxc4 33. Ke3 f5
34. exf6 gxf6 35. d5 Kf7 36. Ke4 Ke7 37. g4 f5+ 38. Kd4 Kd6 39. dxe6 Ba7+ 40.
Kc3 Kxe6 41. g5 Kd5 42. Kc2 Bf2 0-1

[Event "4. Festival da Figueira da Foz"]
[Site "Figueira da Foz POR"]
[Date "2007.11.01"]
[Round "6.10"]
[White "Maltez, Nuno"]
[Black "Blalock, Rex"]
[Result "0-1"]
[WhiteElo "2063"]
[BlackElo "2204"]
[PlyCount "50"]
[EventDate "2007.10.28"]
[EventType "swiss"]
[EventRounds "9"]
[EventCountry "POR"]
[Source "lmi"]
[SourceDate "2007.10.28"]

1. e4 e5 2. f4 exf4 3. Bc4 Qh4+ 4. Kf1 d5 5. Bxd5 Bd6 6. Nf3 Qh5 7. d4 Ne7 8.
Nc3 f6 9. Qe1 Nbc6 10. Bxc6+ Nxc6 11. Nd5 Bg4 12. Qf2 O-O-O 13. c3 Rhe8 14. h3
Rxe4 15. hxg4 Qxh1+ 16. Ng1 Rde8 17. Bxf4 Re2 18. Qf3 Bxf4 19. Nxf4 R2e3 20.
Qf2 R3e4 21. Qg3 Ne7 22. Nfh3 Nd5 23. Kf2 g5 24. Kf3 Nf4 25. Rf1 Re3+ 0-1

[Event "4. Festival da Figueira da Foz"]
[Site "Figueira da Foz POR"]
[Date "2007.11.01"]
[Round "6.11"]
[White "Leite, Catarina"]
[Black "Pinho, Tiafo"]
[Result "1-0"]
[WhiteElo "2191"]
[BlackElo "1953"]
[PlyCount "111"]
[EventDate "2007.10.28"]
[EventType "swiss"]
[EventRounds "9"]
[EventCountry "POR"]
[Source "lmi"]
[SourceDate "2007.10.28"]

1. e4 e5 2. Nf3 Nc6 3. Bc4 Bc5 4. c3 Nf6 5. d3 d6 6. a4 a5 7. Nbd2 Be6 8. Qb3
Bxc4 9. Nxc4 Qd7 10. O-O O-O 11. Bg5 Nh5 12. Rad1 h6 13. Bc1 Rab8 14. d4 exd4
15. cxd4 Bb4 16. Ne3 Nf4 17. Qc2 d5 18. e5 Be7 19. Kh1 Nb4 20. Qf5 Ne6 21. Qg4
Kh7 22. Nf5 Rg8 23. Qh5 Bf8 24. Qh3 Rd8 25. Rfe1 Qxa4 26. Ng5+ Nxg5 27. Bxg5
Re8 28. b3 Qd7 29. Re3 Re6 30. f4 Rc6 31. Qg4 b5 32. Nxh6 Qxg4 33. Nxg4 Kg6 34.
e6 Rxe6 35. Ne5+ Rxe5 36. dxe5 Bc5 37. Rc3 Bb6 38. Be7 d4 39. Rf3 f5 40. exf6
gxf6 41. Rg3+ Kf7 42. Rxg8 Kxg8 43. Bxf6 c5 44. g4 Nc2 45. g5 Kf7 46. h4 Kg6
47. Rg1 d3 48. h5+ Kf7 49. g6+ Kxf6 50. g7 c4 51. Rg6+ Kf5 52. g8=Q Be3 53.
Qe6+ Kxf4 54. Rf6+ Kg3 55. Qe5+ Kg4 56. Qe4+ 1-0

[Event "4. Festival da Figueira da Foz"]
[Site "Figueira da Foz POR"]
[Date "2007.11.02"]
[Round "7.1"]
[White "Spraggett, Kevin"]
[Black "Galego, Luis"]
[Result "1-0"]
[WhiteElo "2580"]
[BlackElo "2530"]
[PlyCount "87"]
[EventDate "2007.10.28"]
[EventType "swiss"]
[EventRounds "9"]
[EventCountry "POR"]
[Source "lmi"]
[SourceDate "2007.10.28"]

1. e4 c5 2. Nf3 e6 3. d4 cxd4 4. Nxd4 Nf6 5. Nc3 d6 6. g4 h6 7. h4 Nc6 8. Rg1
d5 9. exd5 Nxd5 10. Nxd5 Qxd5 11. Bg2 Qe5+ 12. Be3 Bd7 13. Nxc6 Bxc6 14. Bxc6+
bxc6 15. Qd4 Qxd4 16. Bxd4 h5 17. g5 c5 18. Be5 Rd8 19. c4 Rh7 20. Ke2 Be7 21.
f4 f6 22. Bc3 Rh8 23. gxf6 gxf6 24. Rg7 Rh6 25. Rag1 Rd7 26. Ke3 Bf8 27. Rxd7
Kxd7 28. f5 e5 29. Ke4 Rh8 30. Kd5 Be7 31. Rg7 Rd8 32. Ba5 Rf8 33. b3 Rc8 34.
a3 Re8 35. b4 cxb4 36. axb4 Kc8 37. c5 a6 38. c6 e4 39. Bb6 Bd8 40. Bxd8 Kxd8
41. Ra7 Re7 42. Rxa6 e3 43. Kd6 Ke8 44. c7 1-0